Introducción a los sistemas de control: Conceptos, aplicaciones y simulación con MATLAB / Ricardo Hern ndez Gaviño, (Registro nro. 27423)
[ vista simple ]
| 000 -LÍDER | |
|---|---|
| fixed length control field | 00473nam a2200145 4500 |
| 020 ## - NÚMERO INTERNACIONAL NORMALIZADO PARA LIBROS | |
| ISBN | 978-607-442-842-1 |
| 050 ## - SIGNATURA TOPOGRAFICA DE LA BIBLIOTECA DEL CONGRESO (LC) | |
| Número de Clasificación | TJ213 H47 2010 |
| 082 ## - NUMERO DE CLASIFICACION DECIMAL DEWEY | |
| Número de Clasificación | 629.8 H557i 2010 |
| 100 ## - ASIENTO PRINCIPAL--NOMBRE PERSONAL | |
| Nombre personal | Hern ndez Gaviño, Ricardo |
| 245 ## - TÍTULO | |
| Título | Introducción a los sistemas de control: Conceptos, aplicaciones y simulación con MATLAB / Ricardo Hern ndez Gaviño, |
| 250 ## - MENCIÓN DE EDICIÓN | |
| Mención de edición | 1 |
| 260 ## - PUBLICACIÓN, DISTRIBUCIÓN, ETC. (PIE DE IMPRENTA) | |
| Lugar de publicación, distribución, etc. | México: Pearson |
| 300 ## - DESCRIPCIÓN FÍSICA | |
| Extensión | xiii, 513 p. / 26 cm. |
| 650 ## - ASIENTO SECUNDARIO DE MATERIA - TERMINO TEMÁTICO | |
| Término temático o nombre geográfico como elemento de entrada | 1. CONTROL AUTOMÁTICO / 2. MATLAB |
| No. biblioteca | No. biblioteca | Número de clasificación | Código de barras/Número de adquisición | Número de copia | Tipo de material |
|---|---|---|---|---|---|
| ÁREA DE ELECTROMECÁNICA | LUIS G. INCLAN | 629.8 H557i 2010 | 52110 | 3 | Libros |
| ÁREA DE ELECTROMECÁNICA | LUIS G. INCLAN | 629.8 H557i 2010 | 52111 | 4 | Libros |
| ÁREA DE ELECTROMECÁNICA | LUIS G. INCLAN | 629.8 H557i 2010 | 52112 | 5 | Libros |
| ÁREA DE ELECTROMECÁNICA | ÁREA DE ELECTROMECÁNICA | 629.8 H557i 2010 | 52108 | 1 | Libros |
| ÁREA DE ELECTROMECÁNICA | ÁREA DE ELECTROMECÁNICA | 629.8 H557i 2010 | 52109 | 2 | Libros |
| ÁREA DE ELECTROMECÁNICA | ÁREA DE ELECTROMECÁNICA | 629.8 H557i 2010 | 52638 | 6 | Libros |
